| 000 | 00624nam a22002177a 4500 | ||
|---|---|---|---|
| 001 | 00000022535 | ||
| 003 | DO-SdBNP | ||
| 005 | 20180223135926.0 | ||
| 008 | 160523b 1990 xxu a 00| 0 spa d | ||
| 020 | _a0590464566 | ||
| 040 |
_aBPMSU _bspa _cBPMSU |
||
| 082 | 4 |
_axxxx _bxxxx |
|
| 100 | 1 | _aBerleth, Richard | |
| 245 | 1 | 0 |
_aSamuel's choice / _cRichard Berleth ; illustrated by James Watling. |
| 260 |
_aNew York : _bScholastic, _c1990. |
||
| 300 |
_a38 p. : _bil. ; _c23 cm. |
||
| 700 | 1 | 2 |
_aWatling, James, _eil. |
| 942 |
_2ddc _cBK |
||
| 945 | _aInventariado, 2018 / BT | ||
| 956 |
_2LOPEREZ _310 _620160523 _8BPMSU _a00041 |
||
| 999 |
_c10201 _d10201 |
||